000 00878cam a2200193 4500
001 WB3922-08
008 030617n2003 000 0 eng u
035 _a(Sirsi) u122618
245 _aCities and regions sink or swim together
260 _c2003
490 _aODPM News Release
_v (2003/0106) 6 June 2003 (1)
520 _aJohn Prescott, speaking at a Core Cities meeting to launch a report into the economic performance of the regions Cities, regions and competitiveness, mentioned that the biggest cities outside London have transformed themselves in recent years. The report shows that cities play a pivotal role in the economic status of their regions. www.odpm.gov.uk/pns/DisplayPN.cgi?pn_id=2003_0106
590 _aTEST
650 _aCITIES
650 _aREGIONS
650 _aREGIONAL DEVELOPMENT
690 _aENVIRONMENTAL AND LAND CONSULTANCY
942 _n0
999 _c72863
_d72863